[Event "EU-ch Seniors 50 (Women)"]
[Site "Drammen"]
[Date "2018.08.11"]
[Round "8"]
[White "Strutinskaya, Galina N"]
[Black "Chireykina, Natalia"]
[Result "1-0"]
[WhiteElo "2208"]
[BlackElo "1922"]
[PlyCount "69"]
[EventDate "2018.08.04"]
[EventType "tourn"]
[EventRounds "8"]
[EventCountry "NOR"]
[SourceTitle "CBM 186 Extra"]
[Source "ChessBase"]
[SourceDate "2018.08.24"]
[SourceVersion "1"]
[SourceVersionDate "2018.08.24"]
[SourceQuality "1"]

1. d4 Nf6 2. c4 d6 3. Nc3 e5 4. d5 g6 5. e4 Bg7 6. Nge2 0-0 7. Ng3 Nbd7 8. Be2 h5 9. Bg5 Qe8 10. Nb5 Qd8 11. 0-0 a6 12. Nc3 Qe8 13. Re1 Nh7 14. Bd2 h4 15. Nf1 f5 16. exf5 gxf5 17. f4 Ndf6 18. b4 Qg6 19. Rc1 Ng4 20. h3 Ngf6 21. Nh2 Qg3 22. Rf1 e4 23. Kh1 Ng4 24. Nxg4 fxg4 25. Nxe4 Qa3 26. Bxg4 Kh8 27. Qb3 Qxb3 28. axb3 Bf5 29. Nf2 Rae8 30. Bxf5 Rxf5 31. Rfe1 Rff8 32. Ng4 Bd4 33. Rxe8 Rxe8 34. Re1 Rf8 35. Re7 1-0

[Event "EU-ch Seniors 50 Blitz"]
[Site "Porto"]
[Date "2014.03.21"]
[Round "4"]
[White "Chireykina, Natalia"]
[Black "Bebchuk, Boris"]
[Result "1-0"]
[WhiteElo "1891"]
[BlackElo "2191"]
[PlyCount "123"]
[EventDate "2014.03.21"]
[EventType "swiss (blitz)"]
[EventRounds "9"]
[EventCountry "POR"]
[SourceTitle "EXT 2015"]
[Source "ChessBase"]
[SourceDate "2014.11.20"]
[SourceVersion "1"]
[SourceVersionDate "2014.11.20"]
[SourceQuality "1"]

1. e4 c6 2. d4 d5 3. Nc3 dxe4 4. Nxe4 Nd7 5. Nf3 Ngf6 6. Bd3 e6 7. 0-0 Nxe4 8. Bxe4 Nf6 9. Bd3 Qc7 10. c3 b6 11. Bg5 Be7 12. Qc2 Bb7 13. Rfe1 0-0-0 14. Ne5 Rhf8 15. Qe2 Nd5 16. Bxe7 Qxe7 17. Ba6 Kb8 18. a4 g5 19. Bxb7 Qxb7 20. a5 Nf4 21. Qc4 c5 22. f3 Rd5 23. axb6 axb6 24. Ra6 f6 25. Rea1 fxe5 26. Ra8+ Qxa8 27. Rxa8+ Kxa8 28. Qa6+ Kb8 29. Qxb6+ Kc8 30. dxc5 Rf7 31. c6 Rd6 32. Qa6+ Kd8 33. Qa8+ Kc7 34. Qb7+ Kd8 35. Qxf7 Rxc6 36. g3 Nd3 37. Qf8+ Kd7 38. Qf7+ Kd6 39. Qf8+ Kd5 40. Qg7 Nxb2 41. Qxh7 Rxc3 42. Qe4+ Kd6 43. Qb4+ Rc5 44. Qxb2 Kc6 45. Kf2 Rd5 46. Ke3 Kd6 47. Qb4+ Kd7 48. Qc4 Ke7 49. Qc7+ Kf6 50. g4 Rb5 51. Qd8+ Kg7 52. Qd7+ Kf6 53. Qxb5 e4 54. fxe4 Kg6 55. e5 Kh6 56. Qe8 Kh7 57. Qh5+ Kg7 58. h4 gxh4 59. Qxh4 Kg6 60. Qf6+ Kh7 61. g5 Kg8 62. Kd4 1-0

[Event "EU-ch Seniors 50 Blitz"]
[Site "Porto"]
[Date "2014.03.21"]
[Round "2"]
[White "Chireykina, Natalia"]
[Black "Frois, Antonio"]
[Result "0-1"]
[WhiteElo "1891"]
[BlackElo "2352"]
[PlyCount "100"]
[EventDate "2014.03.21"]
[EventType "swiss (blitz)"]
[EventRounds "9"]
[EventCountry "POR"]
[SourceTitle "EXT 2015"]
[Source "ChessBase"]
[SourceDate "2014.11.20"]
[SourceVersion "1"]
[SourceVersionDate "2014.11.20"]
[SourceQuality "1"]

1. e4 c5 2. Nf3 g6 3. d4 cxd4 4. Nxd4 Nc6 5. Nb3 Nf6 6. Nc3 Bg7 7. Be2 a5 8. a4 0-0 9. 0-0 d6 10. Bg5 Nb4 11. Qd2 Be6 12. Rad1 Qc8 13. Bh6 Bxh6 14. Qxh6 Nxc2 15. f3 Bxb3 16. Rd2 Qc5+ 17. Kh1 Qe3 18. Qxe3 Nxe3 19. Rc1 Rfc8 20. Re1 Nc4 21. Rd4 Ne5 22. h3 Rc5 23. f4 Nc6 24. Rd2 Nb4 25. Kg1 Rac8 26. Bf1 Bc4 27. e5 dxe5 28. fxe5 Ne8 29. Rd7 Bxf1 30. Kxf1 R5c7 31. Red1 Kf8 32. Nb5 Rxd7 33. Rxd7 Rb8 34. Ke2 Nc6 35. Ke3 Nxe5 36. Rd5 Nc6 37. Rd7 f6 38. g4 Kf7 39. b3 Ke6 40. Rd2 Rd8 41. Rc2 Rd1 42. Ke2 Rh1 43. Rc3 Nd6 44. Nc7+ Kf7 45. Re3 Ne5 46. Kd2 Rh2+ 47. Kc3 Rf2 48. Kd4 Rc2 49. Nd5 Rd2+ 50. Kc5 Nd7# 0-1

[Event "EU-ch Seniors 50 Rapid"]
[Site "Porto"]
[Date "2014.03.20"]
[Round "8"]
[White "Baliuniene, Margarita"]
[Black "Chireykina, Natalia"]
[Result "1-0"]
[WhiteElo "1870"]
[BlackElo "1891"]
[PlyCount "49"]
[EventDate "2014.03.19"]
[EventType "swiss (rapid)"]
[EventRounds "9"]
[EventCountry "POR"]
[SourceTitle "EXT 2015"]
[Source "ChessBase"]
[SourceDate "2014.11.20"]
[SourceVersion "1"]
[SourceVersionDate "2014.11.20"]
[SourceQuality "1"]

1. d4 Nf6 2. c4 g6 3. Nc3 Bg7 4. Nf3 d6 5. e4 0-0 6. Be2 Nbd7 7. 0-0 c6 8. h3 e5 9. dxe5 dxe5 10. b4 a5 11. b5 Nc5 12. Qc2 Qe7 13. Ba3 Rd8 14. Rfd1 Rxd1+ 15. Rxd1 b6 16. bxc6 Qc7 17. Nb5 Qxc6 18. Nxe5 Qxe4 19. Qxe4 Nfxe4 20. Rd8+ Bf8 21. Nc7 Bg4 22. Nxa8 Bxe2 23. Nxb6 Kg7 24. Rxf8 Kxf8 25. Ned7+ 1-0

[Event "EU-ch Seniors 50 Rapid"]
[Site "Porto"]
[Date "2014.03.20"]
[Round "9"]
[White "Chireykina, Natalia"]
[Black "Bebchuk, Boris"]
[Result "1/2-1/2"]
[WhiteElo "1891"]
[BlackElo "2126"]
[PlyCount "62"]
[EventDate "2014.03.19"]
[EventType "swiss (rapid)"]
[EventRounds "9"]
[EventCountry "POR"]
[SourceTitle "EXT 2015"]
[Source "ChessBase"]
[SourceDate "2014.11.20"]
[SourceVersion "1"]
[SourceVersionDate "2014.11.20"]
[SourceQuality "1"]

1. e4 c5 2. Nf3 d6 3. d4 cxd4 4. Nxd4 Nf6 5. Nc3 a6 6. Be2 e5 7. Nb3 Be7 8. 0-0 Be6 9. f4 Qc7 10. Kh1 Nbd7 11. Be3 Rc8 12. g4 exf4 13. Bxf4 Ne5 14. g5 Nfd7 15. Nd4 0-0 16. Nd5 Bxd5 17. exd5 Rfe8 18. Nf5 Bf8 19. c3 Nb6 20. Rc1 Qd7 21. Bxe5 Rxe5 22. Bg4 Qb5 23. Nd4 Qxd5+ 24. Bf3 Qxa2 25. Rc2 Rc7 26. Rcf2 Nd5 27. b3 Qa5 28. c4 Ne3 29. Qd3 Nxf1 30. Rxf1 Rce7 31. Nf5 Rxf5 1/2-1/2

[Event "EU-ch Seniors 50 Rapid"]
[Site "Porto"]
[Date "2014.03.19"]
[Round "5"]
[White "Silva, Rui Manuel De Alm"]
[Black "Chireykina, Natalia"]
[Result "1/2-1/2"]
[WhiteElo "1804"]
[BlackElo "1891"]
[PlyCount "84"]
[EventDate "2014.03.19"]
[EventType "swiss (rapid)"]
[EventRounds "9"]
[EventCountry "POR"]
[SourceTitle "EXT 2015"]
[Source "ChessBase"]
[SourceDate "2014.11.20"]
[SourceVersion "1"]
[SourceVersionDate "2014.11.20"]
[SourceQuality "1"]

1. e4 c5 2. Nf3 Nc6 3. d4 cxd4 4. Nxd4 g6 5. Nxc6 dxc6 6. Qxd8+ Kxd8 7. Bc4 e6 8. 0-0 Bg7 9. Bg5+ f6 10. Bh4 Kc7 11. Nd2 b5 12. Bb3 a5 13. c3 Ne7 14. Rad1 e5 15. Rfe1 g5 16. Bg3 Ng6 17. f3 Nf4 18. Bxf4 gxf4 19. Bc2 Bf8 20. Kf1 Be6 21. a3 Bc5 22. Nb3 Bb6 23. Rd2 Be3 24. Rdd1 Rhg8 25. Na1 Rg7 26. Bb3 Bd7 27. Nc2 Bc5 28. Rd2 Rag8 29. Bxg8 Rxg8 30. Red1 Be6 31. b4 Bc4+ 32. Ke1 axb4 33. axb4 Bb6 34. Rd7+ Kc8 35. R1d2 Be3 36. Nxe3 fxe3 37. R2d6 Rxg2 38. Rd8+ Kb7 39. R6d7+ Kb6 40. Rb8+ Ka6 41. Ra8+ Kb6 42. Rb8+ Ka6 1/2-1/2

[Event "Wch Seniors (Women) 21st"]
[Site "Rijeka"]
[Date "2011.11.24"]
[Round "9"]
[White "Chireykina, Natalia"]
[Black "Blagonadezhnaya, Idea"]
[Result "1-0"]
[WhiteElo "1853"]
[BlackElo "1898"]
[PlyCount "51"]
[EventDate "2011.11.15"]
[EventType "swiss"]
[EventRounds "11"]
[EventCountry "CRO"]
[SourceTitle "CBM 145 Extra"]
[Source "ChessBase"]
[SourceDate "2012.01.03"]
[SourceVersion "1"]
[SourceVersionDate "2012.01.03"]
[SourceQuality "1"]

1. e4 g6 2. d4 Bg7 3. c3 d6 4. f4 e5 5. dxe5 dxe5 6. Qxd8+ Kxd8 7. Nf3 Nc6 8. Bc4 Be6 9. Bxe6 fxe6 10. Ng5 Ke7 11. Be3 b6 12. 0-0 Nf6 13. fxe5 Nxe5 14. Bd4 Nfd7 15. Nd2 h6 16. Ngf3 c5 17. Nxe5 Nxe5 18. Bxe5 Bxe5 19. Nf3 Bg7 20. Nh4 Rhd8 21. Nxg6+ Ke8 22. Rf2 h5 23. Raf1 Bh6 24. Rf7 Rd2 25. Rh7 Be3+ 26. Kh1 1-0

[Event "Wch Seniors (Women) 20th"]
[Site "Arco"]
[Date "2010.11.01"]
[Round "5"]
[White "Smith, Vivian J"]
[Black "Chireykina, Natalia"]
[Result "1/2-1/2"]
[WhiteElo "1827"]
[BlackElo "1799"]
[PlyCount "38"]
[EventDate "2010.10.26"]
[EventType "swiss"]
[EventRounds "9"]
[EventCountry "ITA"]
[SourceTitle "EXT 2011"]
[Source "ChessBase"]
[SourceDate "2010.11.26"]
[SourceVersion "1"]
[SourceVersionDate "2010.11.26"]
[SourceQuality "1"]

1. e4 c5 2. Nc3 Nc6 3. f4 g6 4. Nf3 Bg7 5. Bb5 Nd4 6. 0-0 e6 7. d3 Ne7 8. Nxd4 cxd4 9. Ne2 0-0 10. Ba4 d5 11. e5 Nf5 12. Rf3 h5 13. Qe1 Bd7 14. Bb3 a5 15. a4 Qc7 16. Bd2 Rfe8 17. Kh1 Qc5 18. c4 dxc3 19. bxc3 Qe7 1/2-1/2